Villes les plus peuplées du monde commençant par O - Statistiques

Statistiques générales
  • Ce quiz a été pris 173 fois
    100 depuis la dernière actualisation
  • Le résultat moyen est 6 sur 10
Statistiques - réponses
Pays Villes % Correct
Norvège Oslo
97%
Japon Osaka
95%
Burkina Faso Ouagadougou
88%
Mongolie Oulan-Bator
87%
États-Unis Orlando
68%
États-Unis Oklahoma City
47%
Russie Omsk
35%
Russie Oufa
24%
Nigéria Onitsha
8%
Nigéria Oshogbo
7%
Aucun quiz correspondant
Distribution des résultats
% des personnes avec chaque résultat
Percentile par nombre de réponses
Votre historique - résultats
Vous n’avez pas pris ce quiz depuis la dernière actualisation